000
00317nam a22001337a 4500
008
171129b xxu||||| |||| 00| 0 eng d
020
_a
079808029957
041
_a
eng
080
_a
61
100
_a
4
101
_a
MP
245
_a
THE AMERICAN MEDICAL ASSOCIATION FAMILY MEDICAL GUIDE
_c
KUNZ.J.R
942
_2
udc
_c
BK
999
_c
38608
_d
38608